[Event "Didymoteicho op 2nd"]
[Site "Didymoteicho"]
[Date "2015.05.29"]
[Round "2"]
[White "Teloudis, Angelis"]
[Black "Karapanagiotis, Dimitrios"]
[Result "1-0"]
[WhiteElo "2151"]
[BlackElo "1620"]
[PlyCount "35"]
[EventDate "2015.05.28"]
[EventType "swiss"]
[EventRounds "7"]
[EventCountry "GRE"]
[SourceTitle "CBM 166 Extra"]
[Source "ChessBase"]
[SourceDate "2015.06.18"]
[SourceVersion "1"]
[SourceVersionDate "2015.06.18"]
[SourceQuality "1"]

1. e4 c5 2. Nf3 d6 3. Bb5+ Bd7 4. Bxd7+ Nxd7 5. 0-0 Ngf6 6. Qe2 Qc7 7. c3 g6 8. d4 cxd4 9. cxd4 Bg7 10. Nc3 0-0 11. Bg5 e6 12. Rac1 Rac8 13. Nd5 Qb8 14. Ne7+ Kh8 15. Nxc8 Rxc8 16. Rxc8+ Qxc8 17. Rc1 Qd8 18. e5 1-0